00609nam a2200157 a 450000100100000000500170001000800410002704000250006808200150009310000400010824500360014826000350018430000270021995201880024699900170043400003286320240229073831.0110801s1985 dr a 000 0 spa d aDO-SdBNPbspacBNPHU axxxbH557d1 aHernández, Ángela,d1954-9256410aDesafio /cÁngela Hernádez. aSanto Domingo :bGente,c1985. a45 p. :bil. ;c23 cm. 0010718PDaPDbPDcHDd2011-08-01iLF1l0oxxx H557dp32863-10r2020-06-25w2020-06-25yLFPDzPerteneció a la biblioteca personal de Juan Isidro Jiménes- GrullónZNo se presta c32354d32354